00570 2200217 4500001002100000005001500021035002000036007000300056008004100059020002200100082000800122084001400130100001100144245005300155260004000208300004000248650001800288700001900306250001100325990001600336INLIS00000000000046820221108080848 a0010-1122000062ta221108 b 1 ind  a978-602-252-796-1 a813 a813 ALD s0 aAldora1 aSi Leungli :bPohon Ajaib untuk Rarang /cAldora aJakarta :bErlangga For Kids,c2016 a2016 :bilustrasi berwarna ;c20 cm 4aCerita Rakyat0 aAndina Subarjo aCet. I a00000000603